| 000 | 00594nam a2200205 u 4500 | ||
|---|---|---|---|
| 005 | 20210223131058.0 | ||
| 008 | 090827s2007 es r 000 0 spa d | ||
| 020 | _a8437066476 (10 dígitos) | ||
| 020 | _a9788437066479 (13 dígitos) | ||
| 035 | _aUPN01000172089 | ||
| 049 | _aCG | ||
| 050 | 4 |
_aQA241 _bN3.2 |
|
| 100 | 1 | _aNavarro, Gabriel | |
| 245 | 1 | 3 |
_aUn curso de números / _cGabriel Navarro. |
| 260 |
_aValencia, Esp. : _bUniversitat de València, _c2007. |
||
| 300 | _a118 p. | ||
| 440 | 0 |
_aEducació. _pMaterials ; _v97 |
|
| 650 | 4 |
_aNUMEROS, TEORIA DE LOS _915099 |
|
| 905 | _aLibro | ||
| 999 |
_c144193 _d144193 |
||